<?xml version="1.0" encoding="UTF-8"?>
<record
    xmlns:xsi="http://www.w3.org/2001/XMLSchema-instance"
    xsi:schemaLocation="http://www.loc.gov/MARC21/slim http://www.loc.gov/standards/marcxml/schema/MARC21slim.xsd"
    xmlns="http://www.loc.gov/MARC21/slim">

  <leader>01717nam a2200265 i 4500</leader>
  <controlfield tag="003">DO-SdBNP</controlfield>
  <controlfield tag="005">20250116162810.0</controlfield>
  <controlfield tag="006">a||||gr|||| 00| 0 </controlfield>
  <controlfield tag="007">ta</controlfield>
  <controlfield tag="008">220803e200?    dr a|||fr|||| 00| 0 spa d</controlfield>
  <datafield tag="040" ind1=" " ind2=" ">
    <subfield code="a">DO-SdBNP</subfield>
    <subfield code="b">spa</subfield>
    <subfield code="c">BNPHU</subfield>
    <subfield code="e">rda</subfield>
  </datafield>
  <datafield tag="082" ind1=" " ind2="4">
    <subfield code="2">22</subfield>
    <subfield code="b">R337d</subfield>
  </datafield>
  <datafield tag="245" ind1="1" ind2="0">
    <subfield code="a">Registro:</subfield>
    <subfield code="b">datos generales y control de asistencia. escuela multigrado.</subfield>
  </datafield>
  <datafield tag="264" ind1=" " ind2=" ">
    <subfield code="a">Santo Domingo :</subfield>
    <subfield code="b">Ministerio de Educaci&#xF3;n de la Rep&#xFA;blica Dominicana,</subfield>
    <subfield code="c">[200?]</subfield>
  </datafield>
  <datafield tag="300" ind1=" " ind2=" ">
    <subfield code="a">97 p&#xE1;ginas :</subfield>
    <subfield code="b">Ilustraciones ;</subfield>
    <subfield code="c">28 cm.</subfield>
  </datafield>
  <datafield tag="336" ind1=" " ind2=" ">
    <subfield code="2">rdacontent</subfield>
    <subfield code="a">texto</subfield>
    <subfield code="b">txt</subfield>
  </datafield>
  <datafield tag="337" ind1=" " ind2=" ">
    <subfield code="2">rdamedia</subfield>
    <subfield code="a">sinmediaci&#xF3;n</subfield>
    <subfield code="b">n</subfield>
  </datafield>
  <datafield tag="338" ind1=" " ind2=" ">
    <subfield code="2">rdacarrier</subfield>
    <subfield code="a">volumen</subfield>
    <subfield code="b">nc</subfield>
  </datafield>
  <datafield tag="505" ind1="0" ind2=" ">
    <subfield code="a">Orientaciones Generales</subfield>
    <subfield code="t">Datos generales del centro educativo.-- </subfield>
    <subfield code="t">Datos generales del maestro y la maestra.-- </subfield>
    <subfield code="t">Resumen de matr&#xED;cula inicial al 15 de octubre.--</subfield>
    <subfield code="t">Control de asistencia y puntualidad.--</subfield>
    <subfield code="t">Resumen anual de asistencia.--</subfield>
    <subfield code="t">Resumen de inscritos e inscritas de la secci&#xF3;n.--</subfield>
    <subfield code="t">Datos generales de la/del estudiante.--</subfield>
    <subfield code="t">Orientaciones para la evaluaci&#xF3;n.--</subfield>
    <subfield code="t">Matriz de la equivalencia de los por ciento.--</subfield>
    <subfield code="t">Condici&#xF3;n final delas y los estudiantes de 3ro. a 6.to grado.--</subfield>
    <subfield code="t">Resumen de matr&#xED;cula final, seg&#xFA;n situaci&#xF3;n de los y las estudiantes.--</subfield>
    <subfield code="t">Identificaci&#xF3;n de situaciones y posibles alternativas de soluciones.--</subfield>
    <subfield code="t">Registro de experiencias directas.--</subfield>
    <subfield code="t">Registro de  acompa&#xF1;antes a la pr&#xE1;ctica pedag&#xF3;gica.--</subfield>
    <subfield code="t">Instrumento para validaci&#xF3;n del registro de grado 2015 - 2016</subfield>
  </datafield>
  <datafield tag="590" ind1=" " ind2=" ">
    <subfield code="a">Inventariado 2024 / MF</subfield>
  </datafield>
  <datafield tag="650" ind1=" " ind2="4">
    <subfield code="9">37515</subfield>
    <subfield code="a">Registro de Estudiantes</subfield>
  </datafield>
  <datafield tag="651" ind1=" " ind2="4">
    <subfield code="9">80640</subfield>
    <subfield code="a">Ministerio de Educaci&#xF3;n (Rep&#xFA;blica Dominicana)</subfield>
    <subfield code="x">Registro de Estudiantes</subfield>
  </datafield>
  <datafield tag="710" ind1="1" ind2=" ">
    <subfield code="a">Rep&#xFA;blica Dominicana</subfield>
    <subfield code="b">Ministerio de Educaci&#xF3;n</subfield>
    <subfield code="9">72019</subfield>
  </datafield>
  <datafield tag="942" ind1=" " ind2=" ">
    <subfield code="2">ddc</subfield>
    <subfield code="c">LBS1</subfield>
  </datafield>
  <datafield tag="952" ind1=" " ind2=" ">
    <subfield code="0">0</subfield>
    <subfield code="1">0</subfield>
    <subfield code="2">ddc</subfield>
    <subfield code="5">1</subfield>
    <subfield code="7">0</subfield>
    <subfield code="8">PD</subfield>
    <subfield code="a">BNPHU</subfield>
    <subfield code="b">BNPHU</subfield>
    <subfield code="c">CT</subfield>
    <subfield code="d">2022-01-06</subfield>
    <subfield code="e">Donado por el MINERD</subfield>
    <subfield code="l">0</subfield>
    <subfield code="o">R337d</subfield>
    <subfield code="p">2022-3616</subfield>
    <subfield code="r">2022-08-03</subfield>
    <subfield code="w">2022-08-03</subfield>
    <subfield code="y">LBS1</subfield>
  </datafield>
  <datafield tag="999" ind1=" " ind2=" ">
    <subfield code="c">52264</subfield>
    <subfield code="d">52264</subfield>
  </datafield>
</record>
